000 00512nam a2200193Ia 4500
003 OSt
005 20230504112246.0
008 210423s2004 xx 000 0 und d
040 _cAL
041 _aeng
082 _a574.80285
_223
_b KHAI
100 _aKHAN (Irfan Ali);KHANUM (Atiya),Ed.
_997574
245 _aIntroductory bioinformatics.
260 _aAndra Pradesh
_bUkaaz Publications
_c2004
300 _aviii,348
365 _b650
_cINR
906 _abioinformatics. ; Introductory
942 _2ddc
_cBK
999 _c163550
_d163550